Le Monténégro pour les touristes... - Facile - Statistiques

Statistiques générales
  • Ce quiz a été pris 11 fois
    6 depuis la dernière actualisation
  • Le résultat moyen est 16 sur 20
Statistiques - réponses
Question Indice Réponses Indice facile % Correct
Quelles autres langues sont répandues ? A Allemand A
100%
Quelles autres langues sont répandues ? A Anglais A
100%
La conduite se fait à droite ou à gauche ? Droite
100%
Quelle est la monnaie ? Euro
100%
Quelle est la langue officielle ? Monténégrin
100%
Dans la capitale y-a-t-il un décalage horaire avec Paris ? (oui/non) Non
100%
Quelles autres langues sont répandues ? S Serbe S
100%
La vitesse est limitée hors agglomérations à {80} km/h
83%
Quelles autres langues sont répandues ? A Albanais A
83%
Quelles autres langues sont répandues ? B Bosnien B
83%
Quelles sont les principales villes touristiques ? B Budva DAVUB
83%
Quelles autres langues sont répandues ? C Croate C
83%
Quelles sont les principales villes touristiques ? K Kotor ROTOK
83%
Quelles sont les principales villes touristiques ? T Tivat VATTI
83%
Le taux d'alcoolémie toléré au volant est de {0.3} g/l
67%
Achats à faire 1/ Statuettes représentant un... Couple COULPE
67%
Achats à faire 3/ Huile d' Olive VIOLE
67%
Achats à faire 2/ Salaison Jambon BANJOM
33%
Le suffixe internet est me
33%
La religion majoritaire est O Orthodoxisme
33%
Aucun quiz correspondant
Distribution des résultats
% des personnes avec chaque résultat
Percentile par nombre de réponses
Votre historique - résultats
Vous n’avez pas pris ce quiz depuis la dernière actualisation